000 00581nam a22001697a 4500
005 20231120132242.0
008 231120b |||||||| |||| 00| 0 eng d
020 _a0409071374
041 _aEnglish
082 _a343.4 SIL
100 _ade Koker, A
_lEnglish
245 _aSilke on South African Income Tax Act 58 of 1962 2004/2005 :
_bUpdated to include Acts 16, 32 and 34 of 2004 /
_cA de Koker
260 _aDurban :
_bLexisNexis Butterworths,
_c2005
300 _bv, 454 pages ;
_c25 cm.
650 _aLegal practice
_bLaw
942 _cBK
_6ALISON_BN_VRIES
999 _c803
_d803